Statistics for Monstercat 007 - Solace Quiz

Click here to take the quiz!

General Stats

  • This quiz has been taken 4 times
  • The average score is 10 of 20

Answer Stats

ArtistSong% Correct
Project 46 (Feat. Andrew Allen)Reasons
100%
Feint & Boyinaband (Feat. Veela)Time Bomb
100%
Stephen Walking & SouleroAmpersand
50%
Stephen WalkingAnimal Instinct
50%
Matduke (Feat. Veela)Bloodlip
50%
NoisestormBreakdown
50%
Tut Tut ChildDance to It
50%
Pegboard NerdsDisconnected
50%
Going QuantumHello? (Centra remix)
50%
EphixaIdeekay
50%
Tut Tut ChildMaelstrom
50%
ThrottleNext Big Thing
50%
TelevisorPinup
50%
Tristam & RogueReWel
50%
VarienSeduction
50%
ObsidiaTo the Limit
50%
TwoThirds (Feat. Laura Brehm)Waking Dreams
50%
StereotroniqueGravity
0%
TristamI Remember
0%
Insan3Lik3The Other Day
0%

Score Distribution

Percentile by Number Answered

Percent of People with Each Score

Your Score History

You have not taken this quiz